painting names 2 - Statistics

General Stats
  • This quiz has been taken 31 times
  • The average score is 8 of 16
Answer Stats
Picture Answer % Correct
The Last Supper
96%
The Scream
96%
The Kiss
85%
The Birth of Venus
78%
Sunflowers
70%
Guernica
56%
Washington Crossing the Delaware
56%
The Girl With the Pearl Earring
52%
The Creation of Adam
48%
The Swing
37%
Sunday Afternoon on the Island of La Grande Jatte
22%
The Great Wave off Kanagawa
22%
Portait of Madame X
19%
The Lady of Shalott
19%
Paris Street; Rainy Day
0%
Wanderer Above the Sea of Fog
0%
No matching quizzes found
Score Distribution
Percent of People with Each Score
Percentile by Number Answered
Your Score History
You have not taken this quiz